000 00655nam a2200217 i 4500
001 78222
003 ES-MaACL
005 20260214172104.0
007 t|
008 041013s1955 sp ||||1| spa d
100 1 _aHartog, Jan de.
_961998
245 1 3 _aLa pequeña arca /
_cJan de Hartog ; [traducción del inglés por F.M. Lorda Alaiz].
250 _a[1ª ed.].
260 _aBarcelona :
_bDestino,
_c[1955] (
_fClarasó)
300 _a278 p. ;
_c19 cm.
490 1 _aAncora y delfín
700 1 _aLorda Alaiz, F. M.,
_d1918-1992
_974084
830 0 0 _aÁncora y Delfín
_9151298
852 _aES-MaACL
_jC-10612
_bR.38482
999 _c78222
_d78222